Státní podnik, akciová společnost a transformační zákon

Gespeichert in:
Bibliographische Detailangaben
1. Verfasser: Barák, Josef
Weitere Verfasser: Zunt, Vlastislav
Format: Buch
Sprache:Tschechisch
Veröffentlicht: Praha Československé středisko výstavby a architektury 1991
Ausgabe:1. vyd.
Schriftenreihe:Trh, právo, společnost Sešit č.2
Tags: Tag hinzufügen
Keine Tags, Fügen Sie das erste Tag hinzu!

MARC

LEADER 00000nam a2200000 4500
001 c034511
005 20221214094927.9
041 0 |a cze 
044 |a CZ 
245 1 0 |a Státní podnik, akciová společnost a transformační zákon  |c Josef Barák, Vlastislav Zunt 
250 |a 1. vyd. 
264 1 |a Praha  |b Československé středisko výstavby a architektury  |c 1991 
300 |a 48 s. 
490 1 |a Trh, právo, společnost  |v Sešit č.2 
830 0 |a Trh, právo, společnost  |v Sešit č.2 
100 1 |a Barák, Josef 
700 1 |a Zunt, Vlastislav